Scotland Council Quiz - Clackmannanshire - Statistics

General Stats
  • This quiz has been taken 68 times
  • The average score is 6 of 15
Answer Stats
Hint Answer % Correct
Town in the east of the council area, or a unit of American currency? Dollar
94%
County town and largest settlement in Clackmannanshire Alloa
86%
Large river which flows to the south of Clackmannanshire Forth
75%
Range of hills which dominates the northern third of the council area {Ochil} Hills
69%
Common abbreviation of Clackmannanshire Clacks
53%
Name given to the villages and small towns which lie at the base of the above range of hills Hill{foots}
41%
Menstrie born Gregor Fisher is best known for playing the title character in this TV series Rab C. Nesbitt
33%
Major road which passes through the council area, linking St Andrews with Bannockburn A91
31%
Sauchie born TV football pundit and former football player for Partick Thistle and Liverpool Alan Hansen
31%
Legend says that Kenneth MacAlpin, King of the Scots, amassed his army on Baingle Brae before fighting and subduing an army of this tribespeople Picts
31%
Lawyer from the above town who founded a famous distillery in Dublin in 1780 John Jameson
27%
Council area motto, resulting from what was said to Robert the Bruce after he lost a glove Look {Aboot} Ye
25%
Geographical feature in Clackmannanshire, of which Tullibody Inch is an example Island
24%
Born in Sauchie, this actor is best known for playing Rickard Karstark in 'Game of Thrones' John Stahl
6%
Scottish clan from whom the red saltire on a gold background is derived for the Coat of Arms Bruce
2%
No matching quizzes found
Score Distribution
Percent of People with Each Score
Percentile by Number Answered
Your Score History
You have not taken this quiz